Résultats des Jeux olympiques en escrime. - Statistiques

Statistiques générales
  • Ce quiz a été pris 263 fois
  • Le résultat moyen est 16 sur 23
Statistiques - réponses
Pays Or Argent Bronze Total % Correct
France 44 43 36 123
100%
Grande-Bretagne 1 8 0 9
98%
États-Unis 3 9 15 27
96%
Italie 49 46 35 130
96%
Russie | ROC 16 9 9 34
93%
Chine 5 7 3 15
90%
Allemagne de l'Ouest 7 8 1 16
89%
Allemagne 6 8 11 25
89%
Hongrie 38 24 28 90
75%
Pologne 4 9 9 22
68%
Corée du Sud 5 3 7 15
67%
Ukraine 2 1 4 7
65%
Suisse 1 4 3 8
65%
Belgique 3 3 4 10
61%
Suède 2 3 2 7
59%
Pays-Bas 0 0 5 5
56%
Roumanie 4 6 7 17
56%
Union soviétique 18 15 16 49
51%
Équipe unifiée de l’ex-URSS 1 2 2 5
51%
Autriche 1 1 5 7
49%
Danemark 1 2 3 6
45%
Grèce 2 1 1 4
42%
Cuba 5 5 6 16
28%
Aucun quiz correspondant
Distribution des résultats
% des personnes avec chaque résultat
Percentile par nombre de réponses
Votre historique - résultats
Vous n’avez pas pris ce quiz